000 00535nam a2200205Ia 4500
005 20250508162048.0
008 008 250505s9999 xx 000 0 eng d
020 _a0-7291-0096-0
037 _aTextual
040 _aFEDL
_beng
_cFEDL
041 _aeng
_2eng
084 _a370, PRI
_qFEDL
100 _aPrint Richard
_9772191
245 0 _aKnowledge and schooling
260 _aLondon, UK
_bOpen Books
_c1976
300 _aviii,133p
650 _aEducation
942 _cTEXL
_h370, PRI
999 _c1374141
_d1374141